000 00989nam0a22002291i 4500
001 rc\4663439
005 20240726025925.0
021 _aRU
_b[67-99342]
035 _a(NLR Aleph) 008417845
090 _a9337724
_c9337724
100 _a20130416d1967 |||y0rusy50 ca
101 0 _arus
102 _aRU
105 _ay d |||||
200 1 _aНекоторые вопросы динамики железнодорожной цистерны
_e(Специальность № 022 - сопротивление материалов и строит. механика)
_eАвтореферат дис. на соискание ученой степени кандидата технических наук
_fДнепропетр. ин-т инженеров ж.-д. транспорта
210 _aДнепропетровск
_d1967
215 _a10 с.
700 1 _aПерехрест
_bВ.И.
801 0 _aRU
_bNLR
_gpsbo
801 1 _aRU
_bELAR
_2rusmarc
852 _aNLR
_j68-4/1466
942 _cBOOK